LEADER 00756nam a2200181 i 4500 001 000000250947 003 CaOOAMICUS 005 20160826000000.0 008 160826s1839 it u000 u ita u 013 $a229852 040 $aSeMil$bita 245 10$aRisultati dell'esperienza per qualche futura legislazione. 300 $a460 p. 773 0 $aMeyer, Jonas Daniel$tSpirito, origine e progressi delle istituzioni giudiziarie dei primari stati d'Europa.$dPrato : Tipografia Aldina, 1838-1839.$g5$w()17607 850 $aSeMil 852 $aSeMil$W1$xVenegono$y1$m3L III 77 FA$j201293$B201293$CSeMilBibl$Z2$F213055 $8I 961 $aRecupero: Mantegazza 996 $6245$aRisultati dell'esperienza per qualche futura legislazione$9(OLS)http://semarc/title/353079 LEADER 01240nam a2200229 i 4500 001 000000022045 003 CaOOAMICUS 005 20220701094643.0 008 180830s1963 be u000 u lat u 040 $aSeMil$bita 100 1 $aGuidi, Ignazio,$d<1844-1935>.$0(OLS)http://semarc/name/9839 245 10$aAnnales regum Iyasu 2. et Iyo'as /$cEdidit Ignatius Guidi. 260 $aLouvain :$bCorpusSCO,$c[196?] 300 $av. ;$c25 cm. 490 1 $aCorpus Scriptorum Christianorum Orientalium. Scriptores Aethiopici 500 $aRéimpression anastatique. 774 0 $aGuidi, Ignazio <1844-1935>$tTextus series altera, tomus 6.$kCorpus Scriptorum Christianorum Orientalium$kCorpus Scriptorum Christianorum Orientalium. Scriptores Aethiopici$w()181770 774 0 $aGuidi, Ignazio <1844-1935>$tVersio series altera, tomus 6.$kCorpus Scriptorum Christianorum Orientalium$kCorpus Scriptorum Christianorum Orientalium. Scriptores Aethiopici$w()181787 830 0$aCorpus Scriptorum Christianorum Orientalium. Scriptores Aethiopici.$0(OLS)http://semarc/title/20661 996 $6245$aAnnales regum Iyasu 2. et Iyo'as$9(OLS)http://semarc/title/29295 996 $6260$aLouvain :$bCorpusSCO$9(OLS)http://semarc/publisher/31949